02012cam a2200337 i 450000100090000000300090000900500170001800800410003502000430007604000430011908200200016224500870018225000190026926400570028830000800034533600260042533700280045133800270047950400520050652007550055865000380131365000360135165100100138765300210139765500170141870000270143570000400146294200120150299900170151495201430153117664170EG-ScBUE20260125095604.0130315t2013 fluaf frb 001 0 eng d a9781439848050 (hardcover : alk. paper) aDNLM/DLCbengerdacDLCdDLCdEG-ScBUE04a572.86bPCR22200aPCR technology :bcurrent innovations /cedited by Tania Nolan, Stephen A. Bustin. aThird edition. 1aBoca Raton : bCRC Press / Taylor & Francis, c2013. axxi, 435 pages, [12] pages of plates :billustrations (some color) ;c27 cm 2rdacontentatextbtxt aunmediated2rdamediabn avolumebnc2rdacarrier aIncludes bibliographical references and index.  a"A technique used to amplify the number of copies of a specific region of DNA, the polymerase chain reaction (PCR) is at the forefront of the dramatic development of biochemistry. This text provides the tools for developing innovative approaches to using this leading technology. It includes theoretical considerations, discussions, and a selection of state-of-the-art techniques for mutation studies, clinical diagnosis, and the detection of food-borne pathogens. This edition also discusses the preparation of PCR experiments, includes examples of analytical PCR divided into qualitative and quantitative applications, and explores preparative methods that address DNA generation for further analysis and in vitro evolution"--Provided by publisher. 7aPolymerase Chain Reaction.2BUEsh 7aNucleic Acidsxanalysis.2BUEsh 2BUEsh bPPhrmcMarch2016 vReading book1 aNolan, Tania,eeditor.1 aBustin, Stephen A.,d1954-eeditor. 2ddccBB c21294d21266 00102ddc40708ScientificaMAINbMAINc1STd2016-03-01ePurchaseg1640.00h1l0o572.86 PCRp000031763r2025-07-15 00:00:00v2050.00yBB